| 000 | 00506nam a2200181Ia 4500 | ||
|---|---|---|---|
| 003 | GCL | ||
| 008 | 140319s9999 xx 000 0 ara d | ||
| 040 |
_aGCL / _cGCL |
||
| 082 | 0 | 4 |
_aق _b923.2 _bم ح |
| 100 | 1 | _aمحمد صادق عنبر | |
| 245 | 1 | 0 |
_aحياة امين بك الرافعى 1886 - 1927 / _cمحمد صادق عنبر |
| 300 | _a710 ص | ||
| 490 | _a | ||
| 650 | 0 | 4 | _aالتراجم |
| 650 | 0 | 4 | _aالصحافة المصرية |
| 650 | 0 | 4 | _aامين الرافعى |
| 942 |
_2ddc _cBK |
||
| 999 |
_c45211 _d45211 |
||